| 000 | 01198nac a22002411u 4500 | ||
|---|---|---|---|
| 008 | 120111s2006 nyu|||||r|||| 001 0 eng d | ||
| 010 | _a 2006040998 | ||
| 020 | _a9781405812016 (pbk.) | ||
| 020 | _a140581201X (pbk.) | ||
| 082 | 0 | 0 |
_a327.2 _bBAR _222 |
| 100 |
_aBarston, R. P. _928302 |
||
| 245 | 1 | 0 |
_aModern diplomacy / _cR.P. Barston. |
| 250 | _a3rd ed. | ||
| 260 |
_aNew York : _bPearson Longman,2006 _c2006. |
||
| 300 |
_axx,387 p. ; _c21 cm. |
||
| 504 | _aIncludes bibliographical references and index. | ||
| 650 | 0 |
_aDiplomacy. _928303 |
|
| 942 |
_cBB _k327.2 B282 _2ddc |
||
| 999 |
_c2342 _d2342 |
||